[Event "Golden Cleopatra op"]
[Site "Cairo"]
[Date "2016.12.15"]
[Round "3"]
[White "Mohamed, Safwat"]
[Black "Amin, Ashraf"]
[Result "1-0"]
[WhiteElo "2046"]
[BlackElo "2263"]
[PlyCount "75"]
[EventDate "2016.12.13"]
[EventType "swiss"]
[EventRounds "10"]
[EventCountry "EGY"]
[SourceTitle "CBM 176 Extra"]
[Source "ChessBase"]
[SourceDate "2017.03.02"]
[SourceVersion "1"]
[SourceVersionDate "2017.03.02"]
[SourceQuality "1"]

1. d4 Nf6 2. Nf3 e6 3. c4 Nc6 4. a3 d6 5. Nc3 g6 6. e4 Bg7 7. h3 0-0 8. Be3 e5 9. d5 Nd4 10. Nxd4 exd4 11. Bxd4 Nxe4 12. Bxg7 Re8 13. Be2 Kxg7 14. Qd4+ Qf6 15. Qxf6+ Kxf6 16. Nb5 Re7 17. 0-0 a5 18. Nd4 Bd7 19. Rac1 Rae8 20. Rfd1 Kg7 21. Kf1 f5 22. b4 b6 23. Bd3 Nf6 24. Re1 Re5 25. Nf3 Rxe1+ 26. Rxe1 Rxe1+ 27. Kxe1 Nh5 28. Nd4 Kf6 29. g3 f4 30. g4 Ng7 31. Kd2 h5 32. f3 g5 33. Be4 hxg4 34. hxg4 Ke5 35. Kd3 Ne8 36. Bf5 Bxf5+ 37. Nxf5 Kf6 38. Kc3 1-0

[Event "Cairo Egyptian op"]
[Site "Cairo"]
[Date "2015.11.20"]
[Round "7"]
[White "Amin, Ashraf"]
[Black "Abdel Razik, Khaled"]
[Result "1/2-1/2"]
[WhiteElo "2244"]
[BlackElo "2418"]
[PlyCount "69"]
[EventDate "2015.11.15"]
[EventType "swiss"]
[EventRounds "11"]
[EventCountry "EGY"]
[SourceTitle "CBM 170 Extra"]
[Source "ChessBase"]
[SourceDate "2016.02.25"]
[SourceVersion "1"]
[SourceVersionDate "2016.02.25"]
[SourceQuality "1"]

1. d4 Nf6 2. Nf3 c5 3. c3 Qb6 4. dxc5 Qxc5 5. b4 Qc7 6. Bb2 g6 7. e3 Bg7 8. c4 a5 9. b5 0-0 10. Be2 b6 11. Nbd2 Bb7 12. 0-0 d6 13. Rc1 Nbd7 14. Nd4 e5 15. N4f3 Rfe8 16. Nb1 Rad8 17. Nc3 Qb8 18. Qc2 Nc5 19. Nd2 Qa8 20. Bf3 e4 21. Be2 Nd3 22. Rcd1 Nxb2 23. Qxb2 d5 24. Nb3 dxc4 25. Rxd8 Rxd8 26. Bxc4 Nd5 27. Bxd5 Rxd5 28. Qc1 Bxc3 29. Qxc3 Rxb5 30. Qf6 Qc8 31. Nd4 Rc5 32. Qxb6 Rc1 33. Qb2 Rxf1+ 34. Kxf1 Bd5 35. a3 1/2-1/2

[Event "Mahalla op 16th"]
[Site "Mahalla"]
[Date "2015.07.29"]
[Round "6"]
[White "Amin, Ashraf"]
[Black "Sadek, Sameh"]
[Result "0-1"]
[WhiteElo "2222"]
[BlackElo "2276"]
[PlyCount "54"]
[EventDate "2015.07.24"]
[EventType "swiss"]
[EventRounds "9"]
[EventCountry "EGY"]
[SourceTitle "EXT 2016"]
[Source "ChessBase"]
[SourceDate "2015.10.08"]
[SourceVersion "1"]
[SourceVersionDate "2015.10.08"]
[SourceQuality "1"]

1. d4 d5 2. Bf4 Nf6 3. e3 c5 4. c3 Qb6 5. Qb3 Nc6 6. Nd2 c4 7. Qc2 Nh5 8. b3 Nxf4 9. exf4 cxb3 10. axb3 g6 11. Bd3 Bg7 12. Ngf3 Qc7 13. g3 Bh3 14. Ng5 Bg4 15. 0-0 Rc8 16. Rac1 0-0 17. Rfe1 f6 18. Ngf3 e5 19. fxe5 fxe5 20. Nxe5 Nxe5 21. dxe5 Bxe5 22. Nb1 Bd6 23. Qa2 Bc5 24. Rc2 Rf3 25. b4 Rxg3+ 26. Kf1 Bh3+ 27. Ke2 Re8+ 0-1

[Event "Cairo Africa zt 4.2"]
[Site "Cairo"]
[Date "2014.11.28"]
[Round "8"]
[White "Amin, Ashraf"]
[Black "Abdel Razik, Khaled"]
[Result "1/2-1/2"]
[WhiteElo "2237"]
[BlackElo "2435"]
[PlyCount "159"]
[EventDate "2014.11.22"]
[EventType "swiss"]
[EventRounds "9"]
[EventCountry "EGY"]
[SourceTitle "CBM 163 Extra"]
[Source "ChessBase"]
[SourceDate "2014.12.23"]
[SourceVersion "1"]
[SourceVersionDate "2014.12.23"]
[SourceQuality "1"]

1. c4 c5 2. g3 Nf6 3. Bg2 d5 4. cxd5 Nxd5 5. Nc3 Nc7 6. d3 e5 7. Nf3 Nc6 8. 0-0 Be7 9. Nd2 Bd7 10. Nc4 f6 11. a4 0-0 12. f4 exf4 13. Bxf4 Ne6 14. Bd2 Rb8 15. Nd5 Re8 16. Bc3 Nc7 17. Nde3 Nd4 18. Bxd4 cxd4 19. Nf5 Bc6 20. Bxc6 bxc6 21. Rf4 Nd5 22. Rg4 g6 23. Nxe7+ Qxe7 24. Re4 Qc5 25. Rxe8+ Rxe8 26. Qf1 Qe7 27. Re1 Nb4 28. Qf3 f5 29. Kf1 Nd5 30. Qf2 Qb4 31. Rc1 Qe7 32. Rc2 c5 33. Qf3 Qe6 34. Kg1 Nb4 35. Rd2 Qd7 36. a5 Nd5 37. Rc2 Nb4 38. Rd2 h5 39. Qf4 Re6 40. Qf3 Kg7 41. Qf4 Nd5 42. Qf3 Re8 43. Rc2 Nb4 44. Rd2 Re7 45. Qf4 Re6 46. Qf3 Qd8 47. Qb7+ Re7 48. Qf3 Qc7 49. Rd1 Qc8 50. Rc1 Qe6 51. Kf1 Nd5 52. Rc2 f4 53. Kg1 fxg3 54. hxg3 Nb4 55. Rd2 Rf7 56. Qe4 Qxe4 57. dxe4 Re7 58. e5 Nc6 59. e3 Nxe5 60. Nxe5 Rxe5 61. exd4 Rd5 62. Kf2 cxd4 63. Kf3 Kf6 64. Ke4 Rxa5 65. Rxd4 Rf5 66. Rd6+ Kg5 67. Ra6 Rf7 68. Ke3 Rb7 69. b4 Rxb4 70. Kf3 Rb3+ 71. Kg2 Rb7 72. Kh3 Kf5 73. Ra5+ Ke4 74. Kh4 Re7 75. Ra4+ Kd3 76. Ra6 Rg7 77. Kg5 Rb7 78. Ra3+ Kc4 79. Kxg6 Rb3 80. Rxa7 1/2-1/2

[Event "Cairo Africa zt 4.2"]
[Site "Cairo"]
[Date "2014.11.22"]
[Round "1"]
[White "Amin, Ashraf"]
[Black "Amin, Bassem"]
[Result "0-1"]
[WhiteElo "2237"]
[BlackElo "2629"]
[PlyCount "94"]
[EventDate "2014.11.22"]
[EventType "swiss"]
[EventRounds "9"]
[EventCountry "EGY"]
[SourceTitle "CBM 163 Extra"]
[Source "ChessBase"]
[SourceDate "2014.12.23"]
[SourceVersion "1"]
[SourceVersionDate "2014.12.23"]
[SourceQuality "1"]

1. c4 g6 2. g3 Bg7 3. Bg2 e5 4. Nc3 d6 5. Nf3 f5 6. d3 Nf6 7. 0-0 0-0 8. Bg5 h6 9. Bxf6 Qxf6 10. Nd2 c6 11. Rb1 Be6 12. Qa4 Nd7 13. Qa3 Qe7 14. b4 a6 15. Qc1 Nf6 16. Nb3 Rac8 17. Qd2 Bf7 18. Rfc1 e4 19. a4 h5 20. a5 Kh7 21. e3 exd3 22. Qxd3 Ng4 23. Na4 Bh6 24. Nb6 Rce8 25. Re1 h4 26. Nd4 Ne5 27. Qc2 hxg3 28. hxg3 Bg7 29. b5 Qc7 30. bxa6 bxa6 31. Rbd1 Kg8 32. Qa4 c5 33. Ne2 g5 34. Nd5 Qd8 35. Rd2 Bh5 36. f4 Nf3+ 37. Bxf3 Bxf3 38. Kf2 g4 39. Rb1 Re6 40. Ng1 Be4 41. Rb7 Rf7 42. Rxf7 Kxf7 43. Qc6 Rh6 44. Qb6 Qe8 45. Kf1 Qa4 46. Qc7+ Kg8 47. Qb8+ Kh7 0-1

[Event "Mahalla op 15th"]
[Site "Mahalla"]
[Date "2014.04.27"]
[Round "5"]
[White "Amin, Ashraf"]
[Black "Hassan, Sayed Barakat"]
[Result "0-1"]
[WhiteElo "2295"]
[BlackElo "2333"]
[PlyCount "100"]
[EventDate "2014.04.22"]
[EventType "swiss"]
[EventRounds "9"]
[EventCountry "EGY"]
[SourceTitle "EXT 2015"]
[Source "ChessBase"]
[SourceDate "2014.11.20"]
[SourceVersion "1"]
[SourceVersionDate "2014.11.20"]
[SourceQuality "1"]

1. Nf3 Nf6 2. d4 g6 3. Nc3 d5 4. Bf4 Bg7 5. e3 Nh5 6. Be5 f6 7. Bg3 Nxg3 8. hxg3 c6 9. e4 Be6 10. Bd3 Bf7 11. Qe2 e6 12. 0-0-0 Qd6 13. e5 fxe5 14. Nxe5 Bxe5 15. dxe5 Qf8 16. f4 Nd7 17. g4 h5 18. Kb1 0-0-0 19. g5 Qb4 20. Rh4 Rhf8 21. g3 Qa5 22. Qd2 Nc5 23. Ne4 Qxd2 24. Nxd2 Be8 25. Nf3 Nxd3 26. cxd3 Kc7 27. d4 b6 28. Rc1 Bd7 29. Rh2 Rc8 30. b4 a5 31. bxa5 bxa5 32. Rc5 Rb8+ 33. Rb2 Rxb2+ 34. Kxb2 Rb8+ 35. Kc2 Rb5 36. Rc3 Kb6 37. Nd2 c5 38. dxc5+ Rxc5 39. Rxc5 Kxc5 40. Nb3+ Kb4 41. a3+ Kxa3 42. Nxa5 Kb4 43. Nb7 Kc4 44. Nd6+ Kd4 45. Kd2 Ba4 46. Nb7 Bb5 47. Nd6 Bc4 48. f5 exf5 49. e6 Ke5 50. Nc8 Kxe6 0-1

[Event "Mahalla op 15th"]
[Site "Mahalla"]
[Date "2014.04.26"]
[Round "4"]
[White "Elsayed, Moustafa"]
[Black "Amin, Ashraf"]
[Result "0-1"]
[WhiteElo "2194"]
[BlackElo "2295"]
[PlyCount "104"]
[EventDate "2014.04.22"]
[EventType "swiss"]
[EventRounds "9"]
[EventCountry "EGY"]
[SourceTitle "EXT 2015"]
[Source "ChessBase"]
[SourceDate "2014.11.20"]
[SourceVersion "1"]
[SourceVersionDate "2014.11.20"]
[SourceQuality "1"]

1. d4 g6 2. c4 Bg7 3. Nc3 c5 4. e3 Nf6 5. Nf3 0-0 6. Be2 cxd4 7. exd4 d5 8. 0-0 Nc6 9. Ne5 e6 10. cxd5 Nxd5 11. Nxc6 bxc6 12. Ne4 Qb6 13. Nc5 e5 14. Na4 Qxd4 15. Qxd4 exd4 16. Bd2 Rd8 17. Rac1 Bd7 18. Bf3 Be8 19. Rfe1 Rab8 20. a3 f5 21. b4 Bf6 22. g3 Kf7 23. Rc5 Nb6 24. Nb2 d3 25. Nc4 Bd4 26. Ne5+ Bxe5 27. Rcxe5 Nc4 28. Re7+ Kg8 29. Bc3 d2 30. Rg7+ Kf8 31. Ree7 Rd3 32. Bxd2 Rxd2 33. Rxa7 Ne5 34. Rxh7 Nf7 35. Rh4 Rc2 36. Rd4 Ne5 37. Kg2 c5 38. bxc5 Bc6 39. Bxc6 Nxc6 40. Rh4 Nxa7 41. Rh8+ Kg7 42. Rxb8 Nc6 43. Rb6 Rxc5 44. h4 Ne5 45. a4 Rc2 46. a5 Ng4 47. a6 Rxf2+ 48. Kg1 Ra2 49. h5 gxh5 50. Kf1 Nf6 51. Rb7+ Kg6 52. a7 Ne4 0-1

[Event "Mahalla op 15th"]
[Site "Mahalla"]
[Date "2014.04.22"]
[Round "1"]
[White "Amin, Ashraf"]
[Black "Anwar, Ashraf"]
[Result "1-0"]
[WhiteElo "2295"]
[BlackElo "2081"]
[PlyCount "125"]
[EventDate "2014.04.22"]
[EventType "swiss"]
[EventRounds "9"]
[EventCountry "EGY"]
[SourceTitle "EXT 2015"]
[Source "ChessBase"]
[SourceDate "2014.11.20"]
[SourceVersion "1"]
[SourceVersionDate "2014.11.20"]
[SourceQuality "1"]

1. d4 Nf6 2. Bf4 c5 3. e3 cxd4 4. exd4 g6 5. c3 Bg7 6. Bd3 0-0 7. Nf3 d6 8. h3 b6 9. 0-0 Bb7 10. Re1 Nbd7 11. Bh2 Rc8 12. a4 Re8 13. Na3 a6 14. Nc4 Qc7 15. Bf1 Nd5 16. Ng5 h6 17. Ne4 N7f6 18. Ned2 Nh5 19. Qb3 Qc6 20. Be2 Ba8 21. Bf3 Nhf6 22. Ne3 b5 23. axb5 Qxb5 24. Qxb5 axb5 25. Rxa8 Rxa8 26. Nxd5 Nxd5 27. Bxd5 Ra5 28. Bxd6 b4 29. Bc4 bxc3 30. bxc3 Rd8 31. Bxf7+ Kxf7 32. Bc7 Rda8 33. Bxa5 Rxa5 34. Nf3 Ra2 35. Ne5+ Kf6 36. g4 Kg5 37. Kg2 Rc2 38. Re3 h5 39. Kg3 h4+ 40. Kg2 Bf6 41. Nf3+ Kf4 42. Ne1 Ra2 43. Kf1 Kg5 44. Nd3 Kh6 45. f4 g5 46. f5 Rc2 47. Nb4 Rh2 48. Nd5 Rc2 49. Ke1 Rh2 50. Kd1 Rg2 51. Nxf6 exf6 52. d5 Rg1+ 53. Kd2 Rg2+ 54. Kd3 Rg1 55. Kd4 Kg7 56. d6 Kf7 57. c4 Rd1+ 58. Rd3 Ra1 59. c5 Ke8 60. c6 Ra5 61. Re3+ Kd8 62. Re7 Ra8 63. c7+ 1-0

[Event "Cairo Masters op"]
[Site "Cairo"]
[Date "2014.02.25"]
[Round "7"]
[White "Ameir, Moheb"]
[Black "Amin, Ashraf"]
[Result "1/2-1/2"]
[WhiteElo "2291"]
[BlackElo "2267"]
[PlyCount "98"]
[EventDate "2014.02.20"]
[EventType "swiss"]
[EventRounds "9"]
[EventCountry "EGY"]
[SourceTitle "EXT 2015"]
[Source "ChessBase"]
[SourceDate "2014.11.20"]
[SourceVersion "1"]
[SourceVersionDate "2014.11.20"]
[SourceQuality "1"]

1. e4 e6 2. d4 d5 3. Nc3 Nf6 4. Bg5 Bb4 5. e5 h6 6. Bd2 Bxc3 7. bxc3 Ne4 8. Bd3 Nxd2 9. Qxd2 c5 10. f4 Qa5 11. Nf3 Nc6 12. Be2 b6 13. 0-0 cxd4 14. Nxd4 Nxd4 15. Qxd4 0-0 16. Qd3 Rd8 17. Rf3 Bd7 18. Rg3 Rac8 19. Bh5 Qc5+ 20. Kh1 Qe7 21. Rf1 f5 22. exf6 Qxf6 23. Rff3 Be8 24. Bxe8 Rxe8 25. Rg6 Rxc3 26. Rxg7+ Qxg7 27. Qxc3 Qxc3 28. Rxc3 Re7 29. Kg1 Kf7 30. Kf2 Kf6 31. Ke3 Rg7 32. g3 h5 33. Kf3 b5 34. a3 Rb7 35. h3 a5 36. g4 hxg4+ 37. hxg4 b4 38. axb4 Rxb4 39. Rc7 a4 40. g5+ Kg6 41. Re7 Rb6 42. Ra7 Rc6 43. Rxa4 Rxc2 44. Ra8 Rc3+ 45. Kg4 Re3 46. Ra6 Re4 47. Rxe6+ Rxe6 48. f5+ Kf7 49. fxe6+ Kxe6 1/2-1/2

[Event "Alexandria op 18th"]
[Site "Alexandria"]
[Date "2012.09.03"]
[Round "8"]
[White "Sadek, Sameh"]
[Black "Amin, Ashraf"]
[Result "0-1"]
[WhiteElo "2373"]
[BlackElo "2309"]
[PlyCount "136"]
[EventDate "2012.08.27"]
[EventType "swiss"]
[EventRounds "9"]
[EventCountry "EGY"]
[SourceTitle "CBM 150 Extra"]
[Source "ChessBase"]
[SourceDate "2012.10.19"]
[SourceVersion "1"]
[SourceVersionDate "2012.10.19"]
[SourceQuality "1"]

1. d4 Nf6 2. c4 e6 3. Nf3 d5 4. cxd5 exd5 5. Qc2 c6 6. Bg5 Be7 7. Nc3 Na6 8. a3 Nc7 9. e3 Ne6 10. Bh4 g6 11. Bd3 Ng7 12. Ne5 Bf5 13. f3 Bxd3 14. Qxd3 Nd7 15. Bxe7 Qxe7 16. Nxd7 Qxd7 17. 0-0 0-0 18. e4 dxe4 19. fxe4 Rad8 20. d5 Qe7 21. Qd4 c5 22. Qd3 f6 23. Rae1 b6 24. Qg3 Nh5 25. Qg4 Qe5 26. Kh1 Ng7 27. Qh4 Ne8 28. Rf3 Rd7 29. Ref1 Rdf7 30. Qf4 Qxf4 31. Rxf4 Nd6 32. g4 Kg7 33. Kg2 Re8 34. g5 f5 35. exf5 Nxf5 36. Kg1 Rfe7 37. Ra4 Rd8 38. Kf2 Nd4 39. Kg2 Rdd7 40. Rf4 Re5 41. h4 Ne2 42. Nxe2 Rxe2+ 43. Rf2 Rxf2+ 44. Kxf2 Kf7 45. Ke3 Ke7 46. h5 Kd6 47. Rf4 gxh5 48. Ke4 Re7+ 49. Kd3 Kxd5 50. Rf6 Ke5 51. Kc4 Rg7 52. Rh6 Kf5 53. Rxh5 Kg6 54. Rh1 Kxg5 55. Rg1+ Kf6 56. Rf1+ Kg6 57. Rg1+ Kf7 58. Rf1+ Kg8 59. Rf2 h5 60. Kd5 Kh7 61. b4 cxb4 62. axb4 Kh6 63. Ke6 h4 64. Kf6 Rg4 65. b5 h3 66. Ra2 Rf4+ 67. Ke5 Rh4 68. Rh2 Kg5 0-1

[Event "Alexandria op 18th"]
[Site "Alexandria"]
[Date "2012.08.27"]
[Round "1"]
[White "Amin, Ashraf"]
[Black "Habashy, Asem"]
[Result "1-0"]
[WhiteElo "2309"]
[BlackElo "1964"]
[PlyCount "61"]
[EventDate "2012.08.27"]
[EventType "swiss"]
[EventRounds "9"]
[EventCountry "EGY"]
[SourceTitle "CBM 150 Extra"]
[Source "ChessBase"]
[SourceDate "2012.10.19"]
[SourceVersion "1"]
[SourceVersionDate "2012.10.19"]
[SourceQuality "1"]

1. c4 e5 2. Nc3 Nf6 3. Nf3 Nc6 4. g3 d5 5. cxd5 Nxd5 6. Bg2 Be6 7. 0-0 Be7 8. d4 Nxc3 9. bxc3 e4 10. Nd2 f5 11. e3 0-0 12. Qa4 h5 13. Rb1 Rb8 14. c4 Bd7 15. Qb3 Qe8 16. Ba3 Na5 17. Qc3 b6 18. Bxe7 Qxe7 19. f3 exf3 20. Nxf3 Rbe8 21. Ne5 Rf6 22. Rbe1 Bc6 23. Nxc6 Nxc6 24. Bd5+ Kh7 25. Bxc6 Rxc6 26. Rxf5 Re6 27. Rxh5+ Kg6 28. Rh4 Rxe3 29. Qc2+ Kf7 30. Rf1+ Qf6 31. Rxf6+ 1-0

[Event "Mahalla op 14th"]
[Site "Mahalla"]
[Date "2012.07.15"]
[Round "7"]
[White "Yousry, Salah"]
[Black "Amin, Ashraf"]
[Result "1/2-1/2"]
[WhiteElo "2327"]
[BlackElo "2275"]
[PlyCount "190"]
[EventDate "2012.07.09"]
[EventType "swiss"]
[EventRounds "9"]
[EventCountry "EGY"]
[SourceTitle "EXT 2019"]
[Source "ChessBase"]
[SourceDate "2018.10.10"]
[SourceVersion "1"]
[SourceVersionDate "2018.10.10"]
[SourceQuality "1"]

1. c4 Nf6 2. Nc3 e6 3. e4 d5 4. e5 d4 5. exf6 dxc3 6. bxc3 Qxf6 7. Nf3 e5 8. Bd3 Bd6 9. 0-0 0-0 10. Qc2 h6 11. Rb1 Na6 12. Re1 Nc5 13. Bh7+ Kh8 14. d4 exd4 15. cxd4 Ne6 16. d5 Ng5 17. Nxg5 hxg5 18. g3 b6 19. Bb2 Qh6 20. Bf5 Kg8 21. Bd4 Bxf5 22. Qxf5 f6 23. Rbc1 Ba3 24. Rc2 Qh7 25. Qe6+ Kh8 26. Rce2 Bb4 27. Rd1 Qh5 28. g4 Qh4 29. Re3 Bd6 30. h3 Qh6 31. Kg2 Rae8 32. Qxe8 Rxe8 33. Rxe8+ Kh7 34. f3 Qg6 35. Re4 Qf7 36. Bf2 Qd7 37. Rd2 Qc8 38. Bg3 Qa6 39. Bxd6 cxd6 40. Rc2 Qa4 41. Rce2 Qd1 42. Re6 Qd3 43. Rf2 b5 44. cxb5 Qxd5 45. Re7 Qxb5 46. Rxa7 d5 47. Ra3 f5 48. Rd2 f4 49. Rad3 Qb6 50. Rxd5 Qh6 51. Kh2 Qh4 52. Rg2 Qe1 53. Rd3 Qf1 54. Rb3 Kg6 55. Rb6+ Kf7 56. Rb4 Qd3 57. Rb7+ Kg8 58. Rb3 Qd1 59. Rf2 Kh7 60. Rb6 Qa4 61. Rfb2 Qd1 62. R6b5 Kh6 63. h4 gxh4 64. Rh5+ Kg6 65. Rxh4 Qa1 66. Rf2 Kf6 67. Rh5 g6 68. Rb5 Qd1 69. Rb4 Qe1 70. Rfb2 Qd1 71. R4b3 Kg5 72. Rf2 Kf6 73. Rb4 Kg5 74. Rfb2 Qa1 75. Re2 Qd1 76. Rbe4 Kh4 77. Re1 Qd2+ 78. R4e2 Qa5 79. Rc1 Qb5 80. Rf2 Qb6 81. Kg2 Qb5 82. Rg1 Qb6 83. Re2 Qb5 84. Rh1+ Kg5 85. Rc2 Qa5 86. Rb2 Qa6 87. Rd1 Kh4 88. Rd8 Qc4 89. Rh8+ Kg5 90. Ra8 Qc6 91. Rab8 Kh4 92. R8b5 Qc3 93. R5b3 Qc4 94. Rb6 Qa4 95. Rxg6 Qc2+ 1/2-1/2

[Event "Mahalla op 14th"]
[Site "Mahalla"]
[Date "2012.07.10"]
[Round "2"]
[White "Fahmy, Ahmed"]
[Black "Amin, Ashraf"]
[Result "0-1"]
[WhiteElo "2067"]
[BlackElo "2275"]
[PlyCount "72"]
[EventDate "2012.07.09"]
[EventType "swiss"]
[EventRounds "9"]
[EventCountry "EGY"]
[SourceTitle "EXT 2019"]
[Source "ChessBase"]
[SourceDate "2018.10.10"]
[SourceVersion "1"]
[SourceVersionDate "2018.10.10"]
[SourceQuality "1"]

1. d4 Nf6 2. c4 e6 3. Nf3 Bb4+ 4. Bd2 Qe7 5. g3 Nc6 6. Nc3 Bxc3 7. Bxc3 Ne4 8. Rc1 Nxc3 9. Rxc3 d6 10. Bg2 e5 11. d5 Nb8 12. b4 0-0 13. 0-0 a5 14. Ra3 c6 15. Rxa5 Rxa5 16. bxa5 cxd5 17. cxd5 Qc7 18. Qd2 Na6 19. Rc1 Qe7 20. Qe3 Qd8 21. Qc3 Bg4 22. Bf1 Bxf3 23. exf3 Nc5 24. Qb4 Qc7 25. Rxc5 Qxc5 26. Qxb7 Qxa5 27. Qc6 Qa3 28. Kg2 g6 29. Bc4 Kg7 30. Bb3 Rb8 31. h4 h5 32. Qd7 Qc5 33. g4 hxg4 34. fxg4 Rb4 35. h5 Rf4 36. f3 Qe3 0-1

[Event "Cairo Egyptian op"]
[Site "Cairo"]
[Date "2011.11.28"]
[Round "9"]
[White "Amin, Ashraf"]
[Black "Anwar, Ashraf"]
[Result "1-0"]
[WhiteElo "2277"]
[BlackElo "2128"]
[PlyCount "56"]
[EventDate "2011.11.19"]
[EventType "swiss"]
[EventRounds "9"]
[EventCountry "EGY"]
[SourceTitle "CBM 145 Extra"]
[Source "ChessBase"]
[SourceDate "2012.01.03"]
[SourceVersion "1"]
[SourceVersionDate "2012.01.03"]
[SourceQuality "1"]

1. c4 e5 2. Nc3 f5 3. Nf3 Nc6 4. d4 e4 5. Bg5 Be7 6. Bxe7 Ngxe7 7. Ng1 d5 8. e3 Be6 9. b3 Na5 10. Nh3 Qd6 11. Nf4 Bf7 12. c5 Qd7 13. h4 a6 14. h5 0-0-0 15. Qd2 g5 16. hxg6 hxg6 17. Rxh8 Rxh8 18. Nh3 Nec6 19. 0-0-0 Kb8 20. Kb2 Ka7 21. a3 Nd8 22. b4 Nac6 23. Na2 Ne6 24. a4 g5 25. b5 Nb8 26. Rc1 g4 27. Ng1 Rh1 28. Ne2 b6 1-0

[Event "Cairo Egyptian op"]
[Site "Cairo"]
[Date "2011.11.24"]
[Round "6"]
[White "Elbasuny, Fahmy"]
[Black "Amin, Ashraf"]
[Result "0-1"]
[WhiteElo "2222"]
[BlackElo "2277"]
[PlyCount "74"]
[EventDate "2011.11.19"]
[EventType "swiss"]
[EventRounds "9"]
[EventCountry "EGY"]
[SourceTitle "CBM 145 Extra"]
[Source "ChessBase"]
[SourceDate "2012.01.03"]
[SourceVersion "1"]
[SourceVersionDate "2012.01.03"]
[SourceQuality "1"]

1. d4 Nf6 2. c4 e6 3. Nf3 b6 4. g3 Bb7 5. Bg2 Be7 6. 0-0 0-0 7. Nc3 Ne4 8. Qd3 Nxc3 9. bxc3 Nc6 10. Nd2 d6 11. Re1 e5 12. a4 Bf6 13. Nb3 exd4 14. cxd4 Nb4 15. Qd2 Bxg2 16. Kxg2 a5 17. Bb2 c5 18. Bc3 d5 19. Bxb4 dxc4 20. Bxc5 bxc5 21. Nxc5 Qxd4 22. Qxd4 Bxd4 23. Ne4 Bxa1 24. Rxa1 Rab8 25. Nc3 Rb3 26. Rc1 Ra3 27. Kf3 Re8 28. Rc2 f6 29. Kf4 Re5 30. h4 h6 31. e4 Re8 32. h5 Rd8 33. Kf5 Rd3 34. Nd5 c3 35. Nf4 Rd2 36. Rc1 c2 37. Nd5 Rb3 0-1

[Event "EGY-chT 1011"]
[Site "Egypt"]
[Date "2011.04.01"]
[Round "13.6"]
[White "Sadek, Sameh"]
[Black "Amin, Ashraf"]
[Result "1/2-1/2"]
[WhiteElo "2338"]
[BlackElo "2267"]
[PlyCount "64"]
[EventDate "2010.09.24"]
[EventType "team"]
[EventRounds "22"]
[EventCountry "EGY"]
[SourceTitle "EXT 2013"]
[Source "ChessBase"]
[SourceDate "2012.11.22"]
[SourceVersion "1"]
[SourceVersionDate "2012.11.22"]
[SourceQuality "1"]
[WhiteTeam "El Dakhlia"]
[BlackTeam "Sharkia Dokhan"]
[WhiteTeamCountry "EGY"]
[BlackTeamCountry "EGY"]

1. d4 e6 2. Nf3 Nf6 3. c4 Bb4+ 4. Bd2 Qe7 5. g3 Nc6 6. Bg2 Bxd2+ 7. Nbxd2 0-0 8. 0-0 d6 9. e4 e5 10. d5 Nb8 11. b4 a5 12. a3 Na6 13. Qb3 c6 14. c5 dxc5 15. bxa5 cxd5 16. exd5 Nc7 17. d6 Qxd6 18. Nc4 Qa6 19. Nfxe5 Ne6 20. Rab1 Nd4 21. Qb6 Ne2+ 22. Kh1 Nc3 23. Rb3 Ncd5 24. Qxa6 Rxa6 25. Rd1 Be6 26. Rbd3 Nc7 27. Bxb7 Ra7 28. Bf3 Nb5 29. Rd8 Nd4 30. Rxf8+ Kxf8 31. Kg2 Ne8 32. Rc1 f6 1/2-1/2

[Event "Cairo Heliopolis op 2nd"]
[Site "Cairo"]
[Date "2010.06.05"]
[Round "5"]
[White "Amin, Ashraf"]
[Black "Yousry, Salah"]
[Result "1/2-1/2"]
[WhiteElo "2315"]
[BlackElo "2290"]
[PlyCount "92"]
[EventDate "2010.05.30"]
[EventType "swiss"]
[EventRounds "9"]
[EventCountry "EGY"]
[SourceTitle "EXT 2011"]
[Source "ChessBase"]
[SourceDate "2010.11.26"]
[SourceVersion "1"]
[SourceVersionDate "2010.11.26"]
[SourceQuality "1"]

1. Nf3 d5 2. e3 c6 3. c4 e6 4. d4 f5 5. Bd3 Nf6 6. 0-0 Bd6 7. b3 0-0 8. Ba3 Bxa3 9. Nxa3 Ne4 10. Nb1 Nd7 11. Qc2 Rf6 12. Nc3 Rh6 13. Rfd1 Qf6 14. b4 g5 15. g3 g4 16. Ne1 Qg5 17. Ng2 Qh5 18. Nh4 Ng5 19. Kf1 Nf3 20. Nxf3 Qh3+ 21. Ke1 gxf3 22. cxd5 cxd5 23. Kd2 Qxh2 24. Kc1 Nb6 25. Kb2 Qh5 26. Rh1 Qg5 27. Rag1 Rxh1 28. Rxh1 Bd7 29. Qd1 h5 30. b5 Qe7 31. a3 Rc8 32. Qxf3 Be8 33. Rc1 Rxc3 34. Kxc3 Qxa3+ 35. Kd2 Bxb5 36. Bxb5 Qb4+ 37. Kd1 Qxb5 38. Rc7 Nc4 39. Qf4 Nb2+ 40. Kc2 Qd3+ 41. Kxb2 Qd2+ 42. Kb3 Qd3+ 43. Ka4 Qd1+ 44. Ka5 Qa1+ 45. Kb5 Qa6+ 46. Kb4 Qb6+ 1/2-1/2